• 首页
  • 本馆介绍
  • 公告通知
  • 最新文献
  • 馆藏检索
  • 电子资源
  • 读者导购
  • 参考咨询
  • 我的图书馆
  • 登录
  • 详细信息显示
  • 放入我的书架
  • 预约/预借图书
  • 作者相关作品
  • 分类相关作品
  • 丛书相关作品
  • 出版社相关作品

书目信息

  • 表格格式
  • 工作单格式
  • 卡片格式
题名:
寻觅性灵
    
 
作者: 方立天 著
分册:  
出版信息: 北京   北京师范大学出版社  2007
页数: 21,453页
开本: 24cm
丛书名: 当代中国哲学家文库
单 册:
中图分类: K203 , B946.5
科图分类:
主题词: 传统文化--研究--中国 , 禅宗--研究--中国 , 传统文化 , 禅宗
电子资源:
ISBN: 978-7-303-08474-6
000 01043oam2 2200313 45
001 1029815101
005 20100429090932.01
010    @a978-7-303-08474-6@dCNY50.00
100    @a20100419d2007 em y0chiy50 ea
101 0  @achi
102    @aCN@b110000
105    @ay z 000yy
106    @ar
200 1  @a寻觅性灵@AXun Mi Xing Ling@e从文化到禅宗@ECong Wen Hua Dao Chan Zong@f方立天著@FFang Li Tian Zhu
210    @a北京@c北京师范大学出版社@d2007
215    @a21,453页@d24cm
225 2  @a当代中国哲学家文库@i方立天卷
330    @a本书主要介绍了中华文化的三大传统、中华文化的核心与国民素质的提高、民族精神的界定与中国民族精神的内涵、儒佛人生价值之比较等。
461  0 @12001 @a当代中国哲学家文库@i方立天卷
517 1  @a从文化到禅宗@ACong Wen Hua Dao Chan Zong
606 0  @a传统文化@x研究@y中国
606 0  @a禅宗@x研究@y中国
606 0  @a传统文化
606 0  @a禅宗
690    @aK203@v4
690    @aB946.5@v4
701  0 @a方立天@AFang Li Tian@4著
801  0 @aCN@bTANGWEI@c20100429
905    @b0592595-99@dK203@e131@f5
    
    寻觅性灵:从文化到禅宗/方立天著.-北京:北京师范大学出版社,2007
    21,453页;24cm.-(当代中国哲学家文库.方立天卷)
    
    
    ISBN 978-7-303-08474-6:CNY50.00
    本书主要介绍了中华文化的三大传统、中华文化的核心与国民素质的提高、民族精神的界定与中国民族精神的内涵、儒佛人生价值之比较等。
●
相关链接 在E读中查询图书 在五车中查询图书 在当当中查询图书 在豆瓣中查询图书


正题名:寻觅性灵     索取号:K203/131         预约/预借

序号 登录号 条形码 馆藏地/架位号 状态 备注
1 0592595   205925953   第二样本阅览室/ [索取号:K203/131] 在馆    
2 0592596   205925962   第二借阅区/ [索取号:K203/131] 在馆    
3 0592597   205925971   第二借阅区/ [索取号:K203/131] 在馆    
4 0592598   205925980   第二借阅区/ [索取号:K203/131] 在馆    
5 0592599   205925999   第二借阅区/ [索取号:K203/131] 在馆    
唐山师范学院图书馆 欢迎您!
大连网信软件有限公司© 版权所有